000 00980cam a2200313 a 4500
001 3518292
003 OSt
005 20140310181947.0
008 951017s1995 nyua j 000 1 eng
010 _a 95215046
_z 95203902
020 _a0671890751
040 _aDLC
_cDLC
_dWaU
042 _alcac
050 0 0 _aPZ 7
_b.W187 1995
082 0 0 _aKF
_bW15w 1995
100 1 _aWallace, Bill,
_d1947-
_94037
245 1 0 _aWatchdog and the coyotes /
_cBill Wallace ; illustrated by David Slonim.
260 _aNew York :
_bPocket Books,
_cc1995.
300 _a104 p. :
_bill. ;
_c22 cm.
500 _a"A Minstrel hardcover."
541 _j1
562 _e1
650 1 _aDogs
_vFiction.
_94038
650 1 _aCoyote
_vFiction.
_94039
700 1 _aSlonim, David,
_eill.
_94040
906 _a7
_bcbc
_corignew
_d3
_encip
_f19
_gy-gencatlg
942 _2lcc
_cBK-KF
_kKF
999 _c7795
_d7795